Statistics for Formula 1: 2018 Drivers

Click here to take the quiz!

General Stats

  • This quiz has been taken 75 times
  • The average score is 18 of 20

Answer Stats

TeamNationalityDriver% Correct
Red Bull RacingAustraliaDaniel Ricciardo
100%
MercedesUnited KingdomLewis Hamilton
100%
Red Bull RacingNetherlandsMax Verstappen
100%
FerrariGermanySebastian Vettel
100%
MercedesFinlandValtteri Bottas
100%
FerrariFinlandKimi Raikkonen
98%
RenaultSpainCarlos Sainz
96%
SauberMonacoCharles Leclerc
96%
MclarenSpainFernando Alonso
96%
WilliamsCanadaLance Stroll
95%
Toro RossoFrancePierre Gasly
95%
HaasFranceRomain Grosjean
95%
Force IndiaMexicoSergio Perez
95%
HaasDenmarkKevin Magnussen
91%
Force IndiaFranceEsteban Ocon
88%
SauberSwedenMarcus Ericsson
82%
MclarenBelgiumStoffel Vandoorne
82%
Toro RossoNew ZealandBrendon Hartley
79%
WilliamsRussiaSergey Sirotkin
68%
RenaultGermanyNico Hulkenburg
29%

Score Distribution

Percentile by Number Answered

Percent of People with Each Score

Your Score History

You have not taken this quiz